Přeskočit na obsah

Основы тригонометрии (Для студентов-иностранцев) учебное пособие

Учебное пособие написано для иностранных учащихся подготовительного факультета. Оно предназначено для закрепления теоретического материала курса математики и овладения практическими навыками решения задач по тригонометрии. С учетом дифференцированной подготовки иностранных обучающихся рассмотрены ме...

Celý popis

Uloženo v:
Podrobná bibliografie
Hlavní autor: Калашников Г. В.
Médium: Книга
Jazyk:Russian
Vydáno: Воронеж ВГУИТ 2020
On-line přístup:https://e.lanbook.com/book/171021
https://e.lanbook.com/img/cover/book/171021.jpg
Tagy: Přidat tag
Žádné tagy, Buďte první, kdo otaguje tento záznam!
LEADER 01884nam0a2200265 i 4500
001 171021
003 RuSpLAN
005 20221220174124.0
008 221220s2020 ru gs 000 0 rus
020 |a 978-5-00032-477-6 
040 |a RuSpLAN 
041 0 |a rus 
044 |a ru 
080 |a (51 (075.5) 
084 |a Г1я7  |2 rubbk 
245 0 0 |a Основы тригонометрии (Для студентов-иностранцев)  |b учебное пособие  |c Калашников Г. В. 
260 |a Воронеж  |b ВГУИТ  |c 2020 
300 |a 104 с. 
504 |a Библиогр.: доступна в карточке книги, на сайте ЭБС Лань 
520 8 |a Учебное пособие написано для иностранных учащихся подготовительного факультета. Оно предназначено для закрепления теоретического материала курса математики и овладения практическими навыками решения задач по тригонометрии. С учетом дифференцированной подготовки иностранных обучающихся рассмотрены методы решения тригонометрических уравнений. Пособие включает тематический текстовый материал, таблицы, рисунки, примеры задач с решениями, контрольные вопросы и задания. 
521 8 |a Книга из коллекции ВГУИТ - Русский как иностранный 
100 1 |a Калашников Г. В. 
856 4 |u https://e.lanbook.com/book/171021 
856 4 8 |u https://e.lanbook.com/img/cover/book/171021.jpg 
953 |a https://e.lanbook.com/img/cover/book/171021.jpg 
Cannot write session to /tmp/vufind_sessions/sess_qpit9c3bo9rakvhakvkivdbvj4